000 00643 a2200181 4500
999 _c183449
_d183449
005 20211224161918.0
010 _aENG-130638
020 _a978-019-012-0696
_c1295.00
035 _aEN-114170
037 _bDBAD/PUB
082 _a306.630994095478
100 _aAbreu, Savio
245 _aHeaven Gates And Hell's Flames:
_cSavio Abreu
_bA Sociological Study of New Christian Movements in Contemporary Goa/
260 _aNew Delhi
_bOxford University Press
_c2020
270 _a22 Workspace, 2nd Floor, 1/22, Asaf Ali Road
_bNew Delhi
_e110002
300 _a274p.
_c22cm (hbk)
942 _adpl
_cEN
_2ddc
_h306.630994095478
_mABR